000 00592nam a2200229Ia 4500
001 1425
003 GE_BSU
008 181216s||||||||xx |||||||||||||| ||und||
040 _cGE_BSU
080 _a631.4(075.8)
100 _aКолесник С.В.
245 _aОсновы общего землеведения.
245 _bУчебное пособие.
250 _aИзд. 2-е. перер.
260 _aМосква
260 _bУчпедгиз
260 _c1955
300 _a472 с. 25 см.
541 _h18 л.
653 _aЗемлеведение
942 _cBK
999 _c35564
_d35564